'C' Television Characters Quiz Stats

Quiz Updated Sep 25, 2015

Challenge
Share
Tweet
Score 0/20 Timer 05:00
2 Plays Today
% Correct
Chandler Bing
94.7%
Carlton Banks
89.3%
Clark Kent
75.9%
Chris Griffin
74.6%
Carol Brady
73.7%
Cosmo Kramer
64.4%
Chuck Bartowski
63.3%
Carla Tortelli
56.5%
Cory Matthews
54.7%
Charlotte York
53.8%
% Correct
Cameron Tucker
50.8%
Cersei Lannister
41.7%
Charlie Kelly
41.6%
Carl Grimes
38.8%
Dr. Cristina Yang
37.2%
Creed Bratton
35.7%
Claire Bennet
33.1%
Carmela Soprano
31.9%
Cheryl Tunt
17.3%
Caroline Forbes
11.2%

You're not logged in!

Compare scores with friends on all Sporcle quizzes.
Join for Free
OR
Log In

You Might Also Like...

Show Comments

Extras

Top Quizzes Today


Score Distribution

Your Account Isn't Verified!

In order to create a playlist on Sporcle, you need to verify the email address you used during registration. Go to your Sporcle Settings to finish the process.

Report this User

Report this user for behavior that violates our Community Guidelines.

Details: